Normal view
MARC view
- Estrin, Herman A.
Entry Personal Name
001 - CONTROL NUMBER
- control field: 7486
003 - CONTROL NUMBER IDENTIFIER
- control field: OSt
005 - DATE AND TIME OF LATEST TRANSACTION
- control field: 20170524084431.0
008 - FIXED-LENGTH DATA ELEMENTS
- fixed length control field: 170524|| aca||aabn | a|a d
040 ## - CATALOGING SOURCE
- Original cataloging agency: OSt
- Transcribing agency: OSt
100 ## - HEADING--PERSONAL NAME
- Personal name: Estrin, Herman A.
670 ## - SOURCE DATA FOUND
- Source citation: Work cat.: (OSt): Estrin, Herman A., Technical writing in the corporate world /, c1990

PORTAL AKMAL
E-MEL JKDM
AKMAL2U
G-BAM
u-PUSTAKA